Normal view
MARC view
- Foot, christopher j
Entry Personal Name
001 - CONTROL NUMBER
- control field: 5248
003 - CONTROL NUMBER IDENTIFIER
- control field: OSt
005 - DATE AND TIME OF LATEST TRANSACTION
- control field: 20220826152312.0
008 - FIXED-LENGTH DATA ELEMENTS
- fixed length control field: 220826|| aca||aabn | a|a d
040 ## - CATALOGING SOURCE
- Original cataloging agency: OSt
- Transcribing agency: OSt
100 ## - HEADING--PERSONAL NAME
- Personal name: Foot, christopher j
670 ## - SOURCE DATA FOUND
- Source citation: Work cat.: (OSt)17550: Foot, christopher j, Atomic physics, 2008
